| 000 | 00463nam a22001577a 4500 | ||
|---|---|---|---|
| 020 | _a0803104278 | ||
| 040 | _cNUST | ||
| 082 |
_a617.95 _bCOR |
||
| 100 |
_aAnna C. Fraker _9125773 |
||
| 110 |
_aCharles D. Griffin _9125774 |
||
| 245 | _aCorrosion and Degradation of Implant Materials: | ||
| 250 | _aSecond Symposium | ||
| 260 |
_aAnn Arbor: _bRace Street, Philadelphia, _c1985. |
||
| 650 | _2Corrosion and Degradation of Implant Materials: | ||
| 942 |
_2ddc _cBK |
||
| 999 |
_c611471 _d611471 |
||